Los doctores de la iglesia católica - Estadísticas

Estadísticas generales
  • Esta prueba ha sido intentada 23 veces
  • La puntuación promedio es 11 de 38
Estadísticas de respuestas
Año de promoción Doctores % Correcto
1997 Santa Teresa del Niño Jesús
87%
2012 San Juan de Ávila
73%
1298 San Agustín de Hipona
60%
1567 Santo Tomás de Aquino
53%
1568 San Atanasio de Alejandría
47%
1298 San Gregorio Magno
47%
1298 San Ambrosio de Milán
40%
1298 San Jerónimo de Estridón
40%
1926 San Juan de la Cruz
40%
1882 San Cirilo de Jerusalén
33%
1568 San Gregorio Nacianceno
33%
1722 San Isidoro de Sevilla
33%
2025 San John Henry Newman
33%
1754 San León Magno
33%
1970 Santa Catalina de Siena
33%
1568 San Basilio el Grande
27%
1588 San Buenaventura
27%
1882 San Cirilo de Alejandría
27%
1568 San Juan Crisóstomo
27%
2012 Santa Hildegarda de Bingen
27%
1970 Santa Teresa de Jesús
27%
1931 San Alberto Magno
20%
1720 San Anselmo de Canterbury
20%
1946 San Antonio de Padua
20%
1830 San Bernardo de Claraval
20%
1729 San Pedro Crisólogo
20%
1871 San Alfonso María de Ligorio
13%
2022 San Ireneo
13%
1959 San Lorenzo de Brindisi
13%
1925 San Pedro Canisio
13%
1828 San Pedro Damián
13%
1931 San Roberto Belarmino
13%
1899 San Beda el Venerable
7%
1920 San Efrén de Siria
7%
1877 San Francisco de Sales
7%
2015 San Gregorio de Narek
7%
1851 San Hilario de Poitiers
7%
1890 San Juan Damasceno
7%
No se encontraron pruebas coincidentes
Distribución de puntuación
Porcentaje de gente con cada puntuación
Porcentaje por número respondido
Historial de tus puntuaciones
No has intentado esta prueba.